000 00588cam a22002171 4500
001 sg 44000167
003 DLC
005 20260227112743.0
008 810815s1944 xx a 000 0 eng
010 _asg 44000167
035 _a(OCoLC)14748796
040 _aDLC
_cDNLM
_dDLC
042 _apremarc
050 0 0 _aRD101
_b.A57
060 0 _aWE 180
_bA549r 1944
100 1 _aAnderson, Roger,
_d1891-
245 1 0 _aRoger Anderson fracture technics, 1944.
260 _a[Seattle,
_bThe Tower company, inc.
_cc1944]
300 _acover title, 39, 1 p.
_bill.
500 _a"Lithographed."
999 _c90412
_d90412